| 000 | 00376 a2200169 4500 | ||
|---|---|---|---|
| 003 | OSt | ||
| 005 | 20231213111405.0 | ||
| 008 | 231213b |||||||| |||| 00| 0 eng d | ||
| 020 | _a9781032605258 | ||
| 040 | _c | ||
| 082 | _a005.8/RAV | ||
| 100 |
_aRavi Das _9107 |
||
| 245 | _aPractical AI for cyber security | ||
| 260 |
_bCRC _c2023 |
||
| 264 | _bCRC | ||
| 942 |
_2ddc _cBK |
||
| 999 |
_c35993 _d35993 |
||